Proceedings - Association of Asphalt Paving Technologists, Technical Sessions.
Guardat en:
| Format: | Llibre |
|---|---|
| Idioma: | English |
| Publicat: |
Ann Arbor, Michigan : The Association,.
1958
|
| Matèries: | |
| Etiquetes: |
Afegir etiqueta
Sense etiquetes, Sigues el primer a etiquetar aquest registre!
|
MARC
| LEADER | 00000nam a2200000Ia 4500 | ||
|---|---|---|---|
| 008 | 140114s1958 us a 000 ||eng d | ||
| 050 | |a 620 P | ||
| 245 | |a Proceedings - Association of Asphalt Paving Technologists, Technical Sessions. | ||
| 260 | |a Ann Arbor, Michigan : The Association,. |c 1958 | ||
| 300 | |a volúmenes : ilustraciones | ||
| 500 | |a Contiene: V.20 (1951); V. 27 (1958); V.28 (1959); V. 29 (1960); V. 30(1961); V.32 (1963); V.34 (1965); | ||
| 650 | |x PAVIMENTOS |x PUBLICACIONES PERIODICAS |x PAVIMENTOS |x PUBLICACIONES PERIODICAS |9 21021 | ||
| 942 | |2 ddc |c REV | ||
| 999 | |c 14976 |d 14976 | ||
